[Event "Bolkhov"]
[Site "Bolkhov"]
[Date "2017.10.06"]
[Round "12"]
[White "Olenin, Nikolay"]
[Black "Kurilin, Alexander"]
[Result "1/2-1/2"]
[WhiteElo "2343"]
[BlackElo "2278"]
[PlyCount "57"]
[EventDate "2017.09.30"]
[EventType "tourn"]
[EventRounds "13"]
[EventCountry "RUS"]
[SourceTitle "CBM 181 Extra"]
[Source "ChessBase"]
[SourceDate "2017.12.12"]
[SourceVersion "1"]
[SourceVersionDate "2017.12.12"]
[SourceQuality "1"]

1. d4 d5 2. c4 c6 3. cxd5 cxd5 4. Nc3 Nc6 5. Nf3 Nf6 6. Bf4 Bf5 7. e3 e6 8. Qb3 Bb4 9. Bb5 0-0 10. 0-0 Bxc3 11. Bxc6 Bxb2 12. Bxb7 Bxa1 13. Bxa8 Bxd4 14. Nxd4 Qxa8 15. Nxf5 exf5 16. Rc1 Rc8 17. Rxc8+ Qxc8 18. h3 h6 19. f3 Kh7 20. Be5 Nd7 21. Bd4 Nb6 22. Bxb6 Qc1+ 23. Kf2 Qd2+ 24. Kg3 axb6 25. Qxb6 f4+ 26. exf4 d4 27. Qc5 d3 28. Qf5+ Kg8 29. Qc8+ 1/2-1/2

[Event "Rilsk"]
[Site "Rilsk"]
[Date "2017.01.26"]
[Round "12"]
[White "Kurilin, Alexander"]
[Black "Gavritenkov, Sergei"]
[Result "1/2-1/2"]
[WhiteElo "2335"]
[BlackElo "2429"]
[PlyCount "47"]
[EventDate "2017.01.20"]
[EventType "tourn"]
[EventRounds "13"]
[EventCountry "RUS"]
[EventCategory "7"]
[SourceTitle "EXT 2018"]
[Source "ChessBase"]
[SourceDate "2017.10.13"]
[SourceVersion "1"]
[SourceVersionDate "2017.10.13"]
[SourceQuality "1"]

1. d4 d5 2. c3 Nf6 3. Bf4 Bf5 4. e3 e6 5. Bd3 Bxd3 6. Qxd3 Bd6 7. Bxd6 Qxd6 8. Nd2 c6 9. Ngf3 Nbd7 10. 0-0 0-0 11. e4 dxe4 12. Nxe4 Nxe4 13. Qxe4 Qd5 14. Rfe1 Qxe4 15. Rxe4 Rac8 16. Rd1 Rfd8 17. Kf1 Kf8 18. Ne5 Nxe5 19. Rxe5 c5 20. Re4 cxd4 21. Rexd4 Ke7 22. Rxd8 Rxd8 23. Rxd8 Kxd8 24. Ke2 1/2-1/2

[Event "Rilsk"]
[Site "Rilsk"]
[Date "2017.01.21"]
[Round "2"]
[White "Kurilin, Alexander"]
[Black "Tishin, Petr"]
[Result "0-1"]
[WhiteElo "2335"]
[BlackElo "2431"]
[PlyCount "74"]
[EventDate "2017.01.20"]
[EventType "tourn"]
[EventRounds "13"]
[EventCountry "RUS"]
[EventCategory "7"]
[SourceTitle "EXT 2018"]
[Source "ChessBase"]
[SourceDate "2017.10.13"]
[SourceVersion "1"]
[SourceVersionDate "2017.10.13"]
[SourceQuality "1"]

1. e4 c6 2. d4 d5 3. exd5 cxd5 4. c4 Nf6 5. Nc3 g6 6. Qb3 Bg7 7. cxd5 0-0 8. Be2 Nbd7 9. Bf3 Nb6 10. Nge2 Bg4 11. Bxg4 Nxg4 12. a4 a5 13. 0-0 Nf6 14. Nf4 g5 15. Nd3 h6 16. Bd2 Nfxd5 17. Nb5 e6 18. Rae1 Ne7 19. Nc5 Nf5 20. Nxb7 Qd7 21. Nc5 Qc6 22. Rc1 Nxd4 23. Nxd4 Bxd4 24. Qh3 Qd5 25. Be3 Bxe3 26. Qxe3 Qf5 27. g3 Rfc8 28. Ne4 Nd5 29. Rxc8+ Rxc8 30. Qd4 Rc6 31. Re1 Rc2 32. Kg2 g4 33. Kg1 Qg6 34. b3 Qf5 35. Qd1 Ra2 36. Qd4 Rc2 37. Qd1 Ra2 0-1

[Event "Dubna Suetin Memorial"]
[Site "Dubna"]
[Date "2016.11.16"]
[Round "1"]
[White "Moiseenko, Vladimir"]
[Black "Kurilin, Alexander"]
[Result "0-1"]
[WhiteElo "2272"]
[BlackElo "2315"]
[PlyCount "116"]
[EventDate "2016.11.16"]
[EventType "tourn"]
[EventRounds "13"]
[EventCountry "RUS"]
[EventCategory "5"]
[SourceTitle "CBM 175 Extra"]
[Source "ChessBase"]
[SourceDate "2016.12.12"]
[SourceVersion "1"]
[SourceVersionDate "2016.12.12"]
[SourceQuality "1"]

1. e4 c5 2. d4 cxd4 3. c3 dxc3 4. Nxc3 Nc6 5. Nf3 d6 6. Bc4 e6 7. 0-0 Nf6 8. Qe2 Be7 9. Rd1 Qc7 10. Bf4 a6 11. Rac1 0-0 12. Bb3 Qb8 13. Na4 Nd7 14. Bg5 Bxg5 15. Nxg5 h6 16. Nf3 Na5 17. Qc2 b5 18. Nc3 Nc5 19. Nd2 Bd7 20. a3 Nc6 21. Ne2 b4 22. axb4 Nxb4 23. Qb1 Rc8 24. Rc3 a5 25. Rdc1 a4 26. Bc2 Bb5 27. Nf4 Qb6 28. Nf3 Nxc2 29. Qxc2 Ba6 30. Rd1 Rab8 31. h3 Nb3 32. Nd3 Rxc3 33. Qxc3 Bxd3 34. Qxd3 Nc5 35. Qxd6 Qxd6 36. Rxd6 Rxb2 37. Rd8+ Kh7 38. Ra8 Ra2 39. Ne5 f6 40. Nc4 Nxe4 41. f3 Nc3 42. h4 Ne2+ 43. Kf1 Nf4 44. g3 Nd3 45. f4 Kg6 46. Ra5 h5 47. Kg1 Nb4 48. Kf1 Nd5 49. Nd6 Ne3+ 50. Ke1 a3 51. Nb5 Ra1+ 52. Ke2 Nf5 53. Rxa3 Rxa3 54. Nxa3 Nxg3+ 55. Kf3 Nf5 56. Nc4 Nxh4+ 57. Ke4 Nf5 58. Kf3 Kf7 0-1

[Event "Pervomaisky Autumn"]
[Site "Pervomaisky"]
[Date "2016.10.09"]
[Round "13"]
[White "Kurilin, Alexander"]
[Black "Hasanzade, Toghrul Qasim Oglu"]
[Result "0-1"]
[WhiteElo "2315"]
[BlackElo "2350"]
[PlyCount "98"]
[EventDate "2016.09.30"]
[EventType "tourn"]
[EventRounds "13"]
[EventCountry "RUS"]
[EventCategory "3"]
[SourceTitle "EXT 2017"]
[Source "ChessBase"]
[SourceDate "2016.10.25"]
[SourceVersion "1"]
[SourceVersionDate "2016.10.25"]
[SourceQuality "1"]

1. e4 Nf6 2. Nc3 d5 3. e5 Nfd7 4. d4 e6 5. f4 c5 6. Nf3 Nc6 7. Be3 cxd4 8. Nxd4 Qb6 9. Qd2 Qxb2 10. Rb1 Qa3 11. Bb5 Nxd4 12. Bxd4 Bb4 13. 0-0 0-0 14. Rb3 Qa5 15. Rfb1 Bc5 16. Bxd7 Bxd7 17. Rxb7 Bc6 18. R7b2 Rfc8 19. Qe3 Be8 20. Bxc5 Qxc5 21. Qxc5 Rxc5 22. Ne2 Rac8 23. Nd4 Rc4 24. Rb4 a5 25. Rxc4 Rxc4 26. Nb5 Bxb5 27. Rxb5 h6 28. Rxa5 Rxf4 29. Ra7 Rc4 30. a4 Rxc2 31. a5 g5 32. a6 Ra2 33. Kf1 Kg7 34. Ra8 f6 35. exf6+ Kxf6 36. a7 Ke5 37. Ke1 d4 38. Kd1 g4 39. Kc1 h5 40. Kb1 Ra6 41. g3 Ke4 42. Re8 Rxa7 43. Rxe6+ Kf3 44. Re5 d3 45. Rxh5 Rc7 46. Re5 d2 47. Rd5 Ke2 48. Re5+ Kf2 49. Rd5 Rc1+ 0-1

[Event "Pervomaisky Autumn"]
[Site "Pervomaisky"]
[Date "2016.10.05"]
[Round "9"]
[White "Kurilin, Alexander"]
[Black "Gusev, Aleksey"]
[Result "1/2-1/2"]
[WhiteElo "2315"]
[BlackElo "2423"]
[PlyCount "35"]
[EventDate "2016.09.30"]
[EventType "tourn"]
[EventRounds "13"]
[EventCountry "RUS"]
[EventCategory "3"]
[SourceTitle "EXT 2017"]
[Source "ChessBase"]
[SourceDate "2016.10.25"]
[SourceVersion "1"]
[SourceVersionDate "2016.10.25"]
[SourceQuality "1"]

1. e4 e5 2. Nf3 Nf6 3. Nxe5 d6 4. Nf3 Nxe4 5. Qe2 Qe7 6. d3 Nf6 7. Bg5 Qxe2+ 8. Bxe2 Be7 9. Nc3 c6 10. 0-0-0 Na6 11. Rhe1 Nc7 12. Ne4 Nxe4 13. dxe4 Bxg5+ 14. Nxg5 Ke7 15. f4 Ne6 16. Nxe6 Bxe6 17. Bf3 f6 18. Kd2 1/2-1/2

[Event "Pervomaisky Autumn"]
[Site "Pervomaisky"]
[Date "2016.10.02"]
[Round "4"]
[White "Kurilin, Alexander"]
[Black "Pogosian, Manvel"]
[Result "0-1"]
[WhiteElo "2315"]
[BlackElo "2390"]
[PlyCount "46"]
[EventDate "2016.09.30"]
[EventType "tourn"]
[EventRounds "13"]
[EventCountry "RUS"]
[EventCategory "3"]
[SourceTitle "EXT 2017"]
[Source "ChessBase"]
[SourceDate "2016.10.25"]
[SourceVersion "1"]
[SourceVersionDate "2016.10.25"]
[SourceQuality "1"]

1. e4 c5 2. Nf3 Nc6 3. d4 cxd4 4. Nxd4 Nf6 5. Nc3 e5 6. Nf3 Bb4 7. Bd2 Bxc3 8. Bxc3 Nxe4 9. Bxe5 Nxe5 10. Nxe5 Qe7 11. Qd4 Nf6 12. Be2 0-0 13. 0-0 Re8 14. Ng4 Qxe2 15. Nxf6+ gxf6 16. Qxf6 Re6 17. Qg5+ Rg6 18. Qd5 Qe6 19. Rfd1 d6 20. Qxe6 Rxe6 21. c4 b6 22. f3 Bb7 23. b3 Kf8 0-1

[Event "Julfa Salvation Day"]
[Site "Julfa"]
[Date "2016.06.15"]
[Round "3"]
[White "Abbasov, Farid"]
[Black "Kurilin, Alexander"]
[Result "1-0"]
[WhiteElo "2531"]
[BlackElo "2283"]
[PlyCount "73"]
[EventDate "2016.06.14"]
[EventType "tourn"]
[EventRounds "9"]
[EventCountry "AZE"]
[EventCategory "6"]
[SourceTitle "EXT 2017"]
[Source "ChessBase"]
[SourceDate "2016.10.25"]
[SourceVersion "1"]
[SourceVersionDate "2016.10.25"]
[SourceQuality "1"]

1. d4 Nf6 2. c4 e6 3. Nc3 Bb4 4. Qc2 0-0 5. a3 Bxc3+ 6. Qxc3 Ne4 7. Qc2 f5 8. Nh3 Nc6 9. e3 d6 10. f3 Nf6 11. Nf2 Qe7 12. Be2 a5 13. b3 e5 14. d5 Nd8 15. 0-0 b6 16. Bd2 Bd7 17. b4 Nb7 18. Bd3 Ne8 19. e4 f4 20. Be2 g5 21. Nd3 h5 22. c5 bxc5 23. bxc5 Nxc5 24. Nxc5 dxc5 25. Rfc1 g4 26. Qxc5 Qg7 27. Rab1 Rf6 28. Kh1 Rg6 29. Bc3 gxf3 30. Bxf3 Bg4 31. d6 Rc8 32. Bxe5 cxd6 33. Qxc8 Qxe5 34. Qc4+ Be6 35. Qb5 Nf6 36. Qxe5 dxe5 37. Rb5 1-0

[Event "Julfa Salvation Day"]
[Site "Julfa"]
[Date "2016.06.14"]
[Round "1"]
[White "Sevdimaliyev, Urfan"]
[Black "Kurilin, Alexander"]
[Result "1/2-1/2"]
[WhiteElo "2390"]
[BlackElo "2283"]
[PlyCount "57"]
[EventDate "2016.06.14"]
[EventType "tourn"]
[EventRounds "9"]
[EventCountry "AZE"]
[EventCategory "6"]
[SourceTitle "EXT 2017"]
[Source "ChessBase"]
[SourceDate "2016.10.25"]
[SourceVersion "1"]
[SourceVersionDate "2016.10.25"]
[SourceQuality "1"]

1. e4 e6 2. d4 d5 3. Nd2 c5 4. exd5 Qxd5 5. Ngf3 cxd4 6. Bc4 Qd6 7. 0-0 Nc6 8. Nb3 Nf6 9. Nbxd4 Nxd4 10. Qxd4 Qxd4 11. Nxd4 a6 12. Be2 e5 13. Nb3 Bg4 14. Bxg4 Nxg4 15. h3 Nf6 16. Rd1 Rc8 17. c3 Be7 18. Be3 0-0 19. Rd2 Rfd8 20. Rad1 Rxd2 21. Rxd2 Kf8 22. Na5 Rc7 23. Bb6 Rd7 24. Rxd7 Nxd7 25. Bc7 b5 26. Nc6 f6 27. Kf1 Bc5 28. f4 exf4 29. Bxf4 1/2-1/2

[Event "Tula Rjazanov Memorial"]
[Site "Tula"]
[Date "2016.02.12"]
[Round "7"]
[White "Kurilin, Alexander"]
[Black "Gavritenkov, Sergei"]
[Result "1/2-1/2"]
[WhiteElo "2244"]
[BlackElo "2412"]
[PlyCount "100"]
[EventDate "2016.02.05"]
[EventType "swiss"]
[EventRounds "9"]
[EventCountry "RUS"]
[SourceTitle "CBM 171 Extra"]
[Source "ChessBase"]
[SourceDate "2016.04.26"]
[SourceVersion "1"]
[SourceVersionDate "2016.04.26"]
[SourceQuality "1"]

1. d4 Nf6 2. Nf3 g6 3. c4 Bg7 4. b3 0-0 5. Bb2 d6 6. e3 c5 7. Be2 Nc6 8. d5 Nb4 9. a3 Na6 10. Nc3 Nc7 11. Qc2 Bf5 12. Bd3 Bxd3 13. Qxd3 a6 14. a4 b5 15. axb5 axb5 16. 0-0 bxc4 17. bxc4 Qd7 18. h3 Rfb8 19. Rxa8 Rxa8 20. Rb1 Rb8 21. Bc1 Rb4 22. Ba3 Rxb1+ 23. Qxb1 Qc8 24. Qb6 Nd7 25. Qb3 Bxc3 26. Qxc3 Qa6 27. Bb2 f6 28. Nd2 Na8 29. Qa3 Qxa3 30. Bxa3 Nab6 31. f4 f5 32. Bb2 Na4 33. Ba1 Nb8 34. Kf1 Na6 35. Ke2 Nb4 36. Kd1 Nd3 37. Kc2 Nb4+ 38. Kb3 Nb6 39. Kc3 Kf7 40. e4 e6 41. g4 exd5 42. exd5 Nd7 43. gxf5 gxf5 44. Nf3 Nf6 45. Kd2 Ne4+ 46. Ke2 Ng3+ 47. Kf2 Ne4+ 48. Ke2 Ng3+ 49. Kf2 Ne4+ 50. Ke2 Ng3+ 1/2-1/2

[Event "Tula Efremenkov Memorial"]
[Site "Tula"]
[Date "2015.01.21"]
[Round "9"]
[White "Sosulin, Eduard"]
[Black "Kurilin, Alexander"]
[Result "1/2-1/2"]
[WhiteElo "2342"]
[BlackElo "2235"]
[PlyCount "62"]
[EventDate "2015.01.14"]
[EventType "tourn"]
[EventRounds "13"]
[EventCountry "RUS"]
[EventCategory "2"]
[SourceTitle "CBM 164 Extra"]
[Source "ChessBase"]
[SourceDate "2015.03.02"]
[SourceVersion "1"]
[SourceVersionDate "2015.03.02"]
[SourceQuality "1"]

1. b3 e5 2. Bb2 d6 3. e3 Nc6 4. Bb5 Bd7 5. Ne2 Nf6 6. 0-0 Be7 7. d4 exd4 8. exd4 d5 9. Bxc6 Bxc6 10. Ba3 Bxa3 11. Nxa3 0-0 12. Ng3 Qd6 13. Nb1 Bd7 14. Nc3 b5 15. a3 a5 16. Qd3 c6 17. Rfe1 Rfe8 18. Nce2 Re7 19. Qd2 a4 20. b4 Rae8 21. Nc3 h5 22. Rxe7 Rxe7 23. Re1 h4 24. Nf1 h3 25. Rxe7 Qxe7 26. Qe3 Qxe3 27. Nxe3 hxg2 28. Kxg2 g6 29. f3 Ne8 30. Kf2 Bh3 31. Kg3 Bd7 1/2-1/2